LEADER 01321nam a2200325 a 4500 001 000000123571 003 CaOOAMICUS 005 20101028093650.0 008 101028t2009 it u000 u ita r 020 $a978-88-6081-561-3 040 $aPUL$bita 082 04$a234.23 245 02$aL'io e l'infinito /$cL. Amicone, ... [et al.] ; prefazione di don Stefano Alberto. 260 $aRoma :$bArmando,$cİ2009. 300 $a109 p. ;$c22 cm 490 1 $aVivere il reale 500 $aSulla cop. Associazione culturale Paola Bernabei onlus. 650 4$aEsistenzialismo.$0(OLS)http://pul/subject/1923 650 4$aUomo (filosofia)$xStudi.$0(OLS)http://pul/subject/15994 700 1 $aAmicone, Luigi.$0(OLS)http://pul/name/77844 700 1 $aAlberto, Stefano,$csac.$0(OLS)http://pul/name/77845 830 0$aVivere il reale.$0(OLS)http://pul/title/155732 850 $aPUL 852 $aPUL$W1$xDP2 Religione 3$y114$m234. 23 AMILU 1$j142241$qDDC 21$B141221$CPULBib$Z2$F141221 $H115111 $82 941 1 $a9 996 $6020$a978-88-6081-561-3$9(OLS)http://pul/number/145755 996 $6082$a234.23$9(OLS)http://pul/classification/1708 996 $6245$aL'io e l'infinito$9(OLS)http://pul/title/155731 996 $6260$aRoma :$bArmando$9(OLS)http://pul/publisher/55055 LEADER 01631nam a2200313 a 4500 001 000000165732 003 CaOOAMICUS 005 20180206093156.0 008 180206s2017 gw u001 u eng r 020 $z9783161552625* 032 $aLibriCat 040 $aPUL$bita 111 2 $aColloquium Ioanneum$d(2015 :$cEphesus).$0(OLS)http://pul/name/106819 245 14$aThe opening of John's narrative (John 1:19-2.22) : $bhistorical, literatury, and theological readings from the Colloquium Ioanneum 2015 in Ephesus /$cedited by R. Alan Culpepper and Jörg Frey. 260 $aTübingen :$bMohr Siebeck,$cİ2017. 300 $aXXI, 377 p. ;$c24 cm. 490 1 $aWissenschaftliche Untersuchungen zum Neuen Testament ;$v385 504 $aInclude riferimenti bibliografici e indici. 630 04$aBiblia.$pN.T.$pIohannes$xCongressi.$0(OLS)http://pul/subject/37929 700 1 $aFrey, Jörg,$d1962-$0(OLS)http://pul/name/49263 700 1 $aCulpepper, Richard Alan.$0(OLS)http://pul/name/97166 830 0$aWissenschaftliche Untersuchungen zum Neuen Testament ;$v385.$0(OLS)http://pul/title/8628 850 $aPUL 852 $aPUL$W1$xSL Religione 1$y3$m16 H 385$j190111$qStampati$B193086$CPULBib$Z2$F193086 $H130247 $81 941 1 $a8 996 $6020$z9783161552625*$9(OLS)http://pul/number/163382 996 $6245$aThe opening of John's narrative (John 1:19-2.22) : $bhistorical, literatury, and theological readings from the Colloquium Ioanneum 2015 in Ephesus$9(OLS)http://pul/title/205420 996 $6260$aTübingen :$bMohr Siebeck$9(OLS)http://pul/publisher/52004